| 000 | 00862cab a2200265 4500 | ||
|---|---|---|---|
| 001 | WB3211-51 | ||
| 008 | 090401t1996 xxu||||| |||| 00| 0 eng d | ||
| 035 | _a(Sirsi) u50961 | ||
| 041 | _aeng | ||
| 245 | _aMisleading statements | ||
| 260 | _c1996 | ||
| 350 | _a0 | ||
| 490 |
_aEstates Gazette _v(9610) 9 March 1996, 158(1) |
||
| 520 | _aDiscusses the ruling in "Enfield LBC v Castles Estate Agents Ltd", which covers the first appearance in court of the Property Misdescriptions Act 1991. | ||
| 650 | _aBUNGALOW | ||
| 650 | _aDUE DILIGENCE | ||
| 650 | _aENFIELD LBC V CASTLES ESTATE AGENTS LTD | ||
| 650 | _aMARKETING | ||
| 650 | _aMISLEADING STATEMENTS | ||
| 650 | _aPLANNING PERMISSION | ||
| 650 | _aPROPERTY MISDESCRIPTIONS ACT 1991 | ||
| 690 | _aMANAGEMENT-BUSINESS MANAGEMENT-PROFESSIONAL PRACTICE | ||
| 942 | _n0 | ||
| 948 | _c04/03/1997 | ||
| 999 |
_c31802 _d31802 |
||